Las botas (Record no. 165203)

MARC details
000 -LEADER
campo de control de longitud fija 00800nam a2200193 i 4500
001 - NÚMERO DE CONTROL
campo de control 165203
003 - IDENTIFICADOR DE NÚMERO DE CONTROL
campo de control ES-MaACL
005 - FECHA Y HORA DE LA ÚLTIMA TRANSACCIÓN
campo de control 20250618063031.0
008 - DATOS DE LONGITUD FIJA--INFORMACIÓN GENERAL
campo de control de longitud fija 050817s1876 sp |||| | spa d
100 1# - ENTRADA PRINCIPAL--NOMBRE DE PERSONA
Nombre de persona Sepúlveda, Ricardo,
Fechas asociadas al nombre 1846-1909
9 (RLIN) 132653
245 14 - MENCIÓN DEL TÍTULO
Título Las botas
Resto del título : cuadros festivos de costumbres : (contestación a "Las llaves" de Teodoro Guerrero) /
Mención de responsabilidad, etc. por Ricardo Sepúlveda.
260 ## - PUBLICACIÓN, DISTRIBUCIÓN, ETC.
Lugar de publicación, distribución, etc. Madrid :
Nombre del editor, distribuidor, etc. Librería de M. Murillo,
Fecha de publicación, distribución, etc. 1876 (
Fabricante Imp. de T. Fortanet)
300 ## - DESCRIPCIÓN FÍSICA
Extensión 272 p. ;
Dimensiones 19 cm.
530 ## - NOTA DISPONIBLE DE FORMULARIO FÍSICO ADICIONAL
Nota de formato físico adicional disponible Disponible también en sitio web.
700 1# - ENTRADA AGREGADA--NOMBRE PERSONAL
Nombre de persona Guerrero, Teodoro.
9 (RLIN) 148902
852 ## - LOCALIZACIÓN
Ubicación ES-MaACL
Número de control de estantería T-280-F-4
Nota libre . - Enc. hol.
-- . - Enc. en un vol. facticio
856 ## - LOCALIZACIÓN Y ACCESO ELECTRÓNICOS
Identificador Uniforme de Recursos <a href="http://www.archive.org/details/lasbotascuadros00sepgoog ">http://www.archive.org/details/lasbotascuadros00sepgoog </a>
Nota pública Ir a la página
Holdings
Estatus retirado Estado de pérdida Estado de daño No para préstamo Colección Biblioteca de origen Biblioteca actual Ubicación en estantería Fecha de adquisición Total de préstamos Signatura topográfica completa Código de barras Visto por última vez Precio de reemplazo Tipo de ítem Koha
        Colección de folletos Biblioteca del Ateneo de Madrid Biblioteca del Ateneo de Madrid Depósito folletos 17/01/2008   T-280-F-4 1173232 23/02/2023 23/02/2023 Folleto